Flags in the style of Kazakhstan - Statistics

General Stats
  • This quiz has been taken 61 times
  • The average score is 9 of 12
Answer Stats
Picture Answer % Correct
Nepal
94%
Kyrgyzstan
92%
Mongolia
90%
Japan
88%
Taiwan
86%
Serbia
84%
Kiribati
82%
United States
82%
Turkey
80%
New Zealand
59%
Iran
55%
Greece
51%
No matching quizzes found
Score Distribution
Percent of People with Each Score
Percentile by Number Answered
Your Score History
You have not taken this quiz